000 01472nam a22002177a 4500
999 _c16744
_d16744
003 OSt
005 20190205103551.0
008 190205b ||||| |||| 00| 0 eng d
020 _a9780521516648
020 _a0521516641
040 _aSEKU
050 0 0 _aQE 601
_b.F6
100 1 _aFossen, Haakon.
245 1 0 _aStructural geology /
_cHaakon Fossen.
260 _aCambridge ;
_aNew York :
_bCambridge University Press,
_c2010.
300 _a463 p. :
_bill.
504 _aIncludes bibliographical references and index.
520 _a"Lavishly illustrated in color, this textbook takes an applied approach to introduce undergraduate students to the basic principles of structural geology. The book provides unique links to industry applications in the upper crust, including petroleum and groundwater geology, which highlight the importance of structural geology in exploration and exploitation of petroleum and water resources. Topics range from faults and fractures forming near the surface to shear zones and folds of the deep crust. Students are engaged through examples and parallels drawn from practical everyday situations, enabling them to connect theory with practice. Containing numerous end-of-chapter problems, e-learning modules, and with stunning field photos and illustrations, this book provides the ultimate learning experience for all students of structural geology"--
_cProvided by publisher.
650 0 _aGeology, Structural.
942 _2lcc
_cGEN